000 00634nam a2200193 i 4500
001 129399
003 ES-MaACL
005 20250516170134.0
007 t|
008 070614q1921 xxu ||||1| eng d
100 1 _aThayer, Alexander Wheelock.
_9109876
245 1 4 _aThe life of Ludwig van Beethoven /
_cby Alexander Wheelock Thayer ; edited by Henry Edwar Krehbiel.
260 _a[New York :
_bG. Schirmer,
_c1921?]
300 _a3 v. ;
_c26 cm.
600 1 7 _aBeethoven, Ludwig van,
_d1770-1827
_2embne
_9240507
700 1 _aKrehbiel, Henry Edward.
_968793
852 _aES-MaACL
_jC-1429-31
999 _c129399
_d129399